000 00271nam a22001217a 4500
008 180803b xxu||||| |||| 00| 0 eng d
082 _a813.52
245 _aNutrition & You
_cBlake,J.S
260 _c2008
300 _a4
_fCD
440 _x9780321490056
942 _2ddc
_cMX
999 _c46771
_d46771